<?xml version="1.0" encoding="UTF-8"?>
<marc:record xmlns:marc="http://www.loc.gov/MARC21/slim">
   <marc:leader>00000nam a2200000 a 4500</marc:leader>
   <marc:datafield ind1="1" ind2=" " tag="100">
      <marc:subfield code="a">Revedin, Jana</marc:subfield>
      <marc:subfield code="4">aut</marc:subfield>
      <marc:subfield code="e">Verfasser/-in</marc:subfield>
   </marc:datafield>
   <marc:datafield ind1=" " ind2=" " tag="653">
      <marc:subfield code="a">Softcover / Belletristik/Gegenwartsliteratur (ab 1945)</marc:subfield>
   </marc:datafield>
   <marc:datafield ind1=" " ind2=" " tag="653">
      <marc:subfield code="a">Venedig</marc:subfield>
   </marc:datafield>
   <marc:datafield ind1=" " ind2=" " tag="653">
      <marc:subfield code="a">Lagunenstadt</marc:subfield>
   </marc:datafield>
   <marc:datafield ind1=" " ind2=" " tag="653">
      <marc:subfield code="a">Gärtnerin</marc:subfield>
   </marc:datafield>
   <marc:datafield ind1=" " ind2=" " tag="653">
      <marc:subfield code="a">Garten</marc:subfield>
   </marc:datafield>
   <marc:datafield ind1=" " ind2=" " tag="653">
      <marc:subfield code="a">Lagune</marc:subfield>
   </marc:datafield>
   <marc:datafield ind1=" " ind2=" " tag="653">
      <marc:subfield code="a">Serenissima</marc:subfield>
   </marc:datafield>
   <marc:datafield ind1=" " ind2=" " tag="653">
      <marc:subfield code="a">Eri</marc:subfield>
   </marc:datafield>
   <marc:datafield ind1=" " ind2=" " tag="653">
      <marc:subfield code="a">Selbstfindung</marc:subfield>
   </marc:datafield>
   <marc:datafield ind1=" " ind2=" " tag="653">
      <marc:subfield code="a">Neuanfang</marc:subfield>
   </marc:datafield>
   <marc:datafield ind1=" " ind2=" " tag="653">
      <marc:subfield code="a">Wiederbepflanzung der Lagune</marc:subfield>
   </marc:datafield>
   <marc:datafield ind1=" " ind2=" " tag="653">
      <marc:subfield code="a">Erzählende Literatur: Gegenwartsliteratur ab 1945</marc:subfield>
   </marc:datafield>
   <marc:datafield ind1="0" ind2="0" tag="245">
      <marc:subfield code="a">Die Gärtnerin von Venedig</marc:subfield>
   </marc:datafield>
   <marc:datafield ind1="0" ind2="0" tag="245">
      <marc:subfield code="c">Jana Revedin</marc:subfield>
   </marc:datafield>
   <marc:datafield ind1=" " ind2="1" tag="264">
      <marc:subfield code="a">S.l.] @</marc:subfield>
      <marc:subfield code="b">Braumüller Verlag</marc:subfield>
      <marc:subfield code="c">2026</marc:subfield>
   </marc:datafield>
   <marc:datafield ind1=" " ind2=" " tag="250">
      <marc:subfield code="a">1. Auflage</marc:subfield>
   </marc:datafield>
   <marc:datafield ind1="1" ind2=" " tag="520">
      <marc:subfield code="a">Jana Revedin entfaltet ein atmosphärisches, mitreißendes Venedig-Panorama – so authentisch und berührend, dass man Eri, der jungen Protagonistin, auf jedem Schritt durch die Gassen der Serenissima und auch in die Weite der unbekannten Lagune folgt. Ein Roman über Mut, Herkunft und die Kraft eines Neuanfangs. Aufgewachsen auf einem Bergbauernhof, ahnt Eri lange nicht, wohin sie wirklich gehört. Erst nach Umwegen – und einem abgebrochenen Studium – entdeckt sie ihre wahre Berufung: Sie wird Gärtnerin. Auf den Rat ihrer exzentrischen Großtante, die einst aus der Enge der Berge in die Welt der Haute Couture ausbrach, wagt Eri den Schritt nach Venedig. Doch die Lagunenstadt empfängt sie kühl, neblig und voller Widerstände. Hartnäckig kämpft sie sich in ein Projekt zur Wiederbepflanzung der Lagune hinein – und stößt bald auf eklatante Ungereimtheiten, die niemand sehen will. Versickernde EU-Gelder, blockierte Pläne, gefährliche Interessen: Eri beginnt, unbequeme Wahrheiten aufzudecken. Zwischen Misstrauen und neuen Bündnissen wächst sie über sich hinaus. Sie findet wahre Freunde und auch Mitstreiter in dem begonnenen Projekt und verliebt sich in Todd, einen der raren echten Venezianer. Als ihre betagte Tante sie schließlich besucht, kommen lange gehütete Geheimnisse ans Tageslicht – und beide Frauen erkennen, dass ihre Geschichten untrennbar miteinander verwoben sind.
</marc:subfield>
   </marc:datafield>
   <marc:datafield ind1=" " ind2=" " tag="020">
      <marc:subfield code="a">9783992004133</marc:subfield>
      <marc:subfield code="9">9783992004133</marc:subfield>
   </marc:datafield>
   <marc:datafield ind1=" " ind2=" " tag="020">
      <marc:subfield code="a">3992004139</marc:subfield>
      <marc:subfield code="9">3992004139</marc:subfield>
   </marc:datafield>
   <marc:datafield ind1=" " ind2=" " tag="041">
      <marc:subfield code="a">ger</marc:subfield>
   </marc:datafield>
   <marc:datafield ind1=" " ind2=" " tag="300">
      <marc:subfield code="a">300 Seiten</marc:subfield>
   </marc:datafield>
</marc:record>
